[Event "19th Asian Games Men's Team Championship"]
[Site "Hangzhou CHN"]
[Date "2023.10.07"]
[Round "09"]
[White "Rameshbabu Praggnanandhaa"]
[Black "Paulo Bersamina"]
[Result "1/2-1/2"]
[EventDate "2023.09.29"]
[WhiteElo "2738"]
[BlackElo "2434"]
[PlyCount "102"]

1. d4 d5 2. c4 e6 3. Nf3 Nf6 4. Nc3 dxc4 5. e4 b5 6. e5 Nd5 7. Nxb5 Nb6 8. Be2 Be7 9. Be3 Nc6 10. a3 O-O 11. Qc2 Na5 12. Rd1 Ba6 13. Nc3 Nd5 14. Nxd5 Qxd5 15. Bg5 f6 16. exf6 Bxf6 17. Be3 Rab8 18. O-O Qf5 19. Qxf5 exf5 20. b4 Nb3 21. Ne5 c5 22. bxc5 Nxc5 23. Bxc4+ Bxc4 24. Nxc4 Ne4 25. g3 Rfc8 26. Rc1 Rb3 27. Kg2 Rd8 28. Rfd1 a6 29. h4 h5 30. Ra1 Rb5 31. Rac1 Rb3 32. a4 Rb4 33. a5 Rb5 34. Ne5 Bxe5 35. dxe5 Rxd1 36. Rxd1 Rxa5 37. Rd8+ Kf7 38. Bd4 Nc5 39. Bxc5 Rxc5 40. Rd7+ Kf8 41. e6 Re5 42. Rd6 Ke7 43. Rxa6 Rxe6 44. Rxe6+ Kxe6 45. Kf3 Ke5 46. Ke3 Ke6 47. Kd4 Kd6 48. f3 Ke6 49. f4 Kd6 50. Kc4 Kc6 51. Kd4 1/2-1/2

[Event "19th Asian Games Men's Team Championship"]
[Site "Hangzhou CHN"]
[Date "2023.10.06"]
[Round "08"]
[White "Rameshbabu Praggnanandhaa"]
[Black "Sehyun Kwon"]
[Result "1-0"]
[EventDate "2023.09.29"]
[WhiteElo "2738"]
[BlackElo "2313"]
[PlyCount "70"]

1. e4 e5 2. Nf3 Nc6 3. Bb5 a6 4. Ba4 Nf6 5. d3 d6 6. c3 g6 7. O-O Bg7 8. Re1 O-O 9. h3 Bd7 10. Be3 Qe8 11. Bb3 Nh5 12. d4 Kh8 13. dxe5 dxe5 14. Nbd2 Qe7 15. Bd5 a5 16. Qb3 Nd8 17. a4 Rb8 18. Qc2 b6 19. b4 axb4 20. cxb4 c6 21. Ba2 Ne6 22. Bxe6 Qxe6 23. a5 bxa5 24. bxa5 Nf4 25. a6 c5 26. a7 Ra8 27. Qc4 Qf6 28. Reb1 Rfc8 29. Rb7 Qc6 30. Qa6 Ne2+ 31. Kh1 Qxa6 32. Rxa6 Be6 33. Ng5 c4 34. Nxe6 fxe6 35. Nxc4 1-0

[Event "19th Asian Games Men's Team Championship"]
[Site "Hangzhou CHN"]
[Date "2023.10.05"]
[Round "07"]
[White "Ngoc Truong Son Nguyen"]
[Black "Rameshbabu Praggnanandhaa"]
[Result "1/2-1/2"]
[EventDate "2023.09.29"]
[WhiteElo "2635"]
[BlackElo "2738"]
[PlyCount "90"]

1. d4 Nf6 2. Nf3 e6 3. c4 Bb4+ 4. Bd2 Qe7 5. g3 Bxd2+ 6. Qxd2 Nc6 7. Nc3 d5 8. cxd5 exd5 9. Bg2 O-O 10. O-O Re8 11. Rfe1 h6 12. Qc2 Bg4 13. Rad1 Qd7 14. Qb3 Rab8 15. a3 a6 16. e3 Ne7 17. Rc1 Ng6 18. Na4 c6 19. Nc5 Qf5 20. Nd2 Bh3 21. Qd3 Qc8 22. Bf3 Nf8 23. e4 dxe4 24. Ndxe4 Qf5 25. b4 Red8 26. Rcd1 Nd5 27. Bg2 Bxg2 28. Kxg2 b6 29. Nb3 Ne6 30. Qf3 Ne7 31. Ned2 Rd5 32. Qxf5 Nxf5 33. Re5 Rbd8 34. Rxd5 cxd5 35. Rc1 Nfxd4 36. Nxd4 Nxd4 37. Nf3 Nxf3 38. Kxf3 Rd6 39. Ke3 d4+ 40. Kd3 g5 41. a4 Kg7 42. Rc2 h5 43. Re2 Rd5 44. Re4 b5 45. axb5 1/2-1/2

[Event "19th Asian Games Men's Team Championship"]
[Site "Hangzhou CHN"]
[Date "2023.10.04"]
[Round "06"]
[White "Xiangzhi Bu"]
[Black "Rameshbabu Praggnanandhaa"]
[Result "1/2-1/2"]
[EventDate "2023.09.29"]
[WhiteElo "2690"]
[BlackElo "2738"]
[PlyCount "70"]

1. Nf3 Nf6 2. c4 e6 3. Nc3 d5 4. d4 c6 5. e3 Nbd7 6. Qc2 Bd6 7. Be2 O-O 8. O-O dxc4 9. Bxc4 b5 10. Bd3 Bb7 11. Ng5 h6 12. Nge4 Be7 13. Nxf6+ Nxf6 14. Ne4 Nxe4 15. Bxe4 Qb6 16. a3 a5 17. Bd2 b4 18. axb4 axb4 19. Rxa8 Rxa8 20. Rc1 Rc8 21. Qa4 Ra8 22. Qd1 Rc8 23. Qa4 Ra8 24. Qc2 Rc8 25. Be1 Ba6 26. Bh7+ Kh8 27. Bd3 Bb7 28. Be4 Ba6 29. Qa4 Bb5 30. Qd1 Kg8 31. h4 Ba6 32. Qa4 Bb5 33. Qd1 Ba6 34. Qa4 Bb5 35. Qd1 1/2-1/2

[Event "19th Asian Games Men's Team Championship"]
[Site "Hangzhou CHN"]
[Date "2023.10.03"]
[Round "05"]
[White "Rameshbabu Praggnanandhaa"]
[Black "M Amin Tabatabaei"]
[Result "1-0"]
[EventDate "2023.09.29"]
[WhiteElo "2738"]
[BlackElo "2685"]
[PlyCount "92"]

1. e4 e5 2. Nf3 Nc6 3. Bc4 Nf6 4. d3 Bc5 5. c3 d6 6. a4 a5 7. Bg5 h6 8. Bh4 Ba7 9. Nbd2 O-O 10. h3 g5 11. Nxg5 hxg5 12. Bxg5 Kg7 13. Qf3 Be6 14. Bd5 Rh8 15. O-O-O Nb8 16. Bxf6+ Qxf6 17. Qxf6+ Kxf6 18. Bxb7 Nd7 19. Bxa8 Rxa8 20. Kc2 Rg8 21. g3 Ke7 22. Rh2 f5 23. Re1 fxe4 24. Nxe4 d5 25. Nd2 Kd6 26. Rf1 Bf5 27. f4 Bh7 28. Re2 Rxg3 29. fxe5+ Nxe5 30. Rf6+ Ke7 31. Rf3 Rg5 32. h4 Rh5 33. Nf1 Kd6 34. Ng3 Nxf3 35. Nxh5 Nxh4 36. Nf4 Bf5 37. Rh2 Nf3 38. Rh5 Be6 39. d4 Bf7 40. Rh7 Ke7 41. Nxd5+ Kf8 42. Rh8+ Kg7 43. Rd8 c6 44. Ne7 c5 45. Rd7 Bb8 46. Nc6 1-0

[Event "19th Asian Games Men's Team Championship"]
[Site "Hangzhou CHN"]
[Date "2023.10.01"]
[Round "03"]
[White "Alisher Suleymenov"]
[Black "Rameshbabu Praggnanandhaa"]
[Result "0-1"]
[EventDate "2023.09.29"]
[WhiteElo "2512"]
[BlackElo "2738"]
[PlyCount "106"]

1. d4 Nf6 2. c4 e6 3. Nf3 d5 4. g3 Bb4+ 5. Bd2 a5 6. Bg2 O-O 7. Qc2 c5 8. cxd5 cxd4 9. Nxd4 Qb6 10. e3 exd5 11. a3 Bxd2+ 12. Nxd2 Nc6 13. N2f3 Bg4 14. O-O Rfc8 15. Qb3 Qxb3 16. Nxb3 Bxf3 17. Bxf3 a4 18. Nd2 Ne5 19. Bd1 Ne4 20. Nxe4 dxe4 21. Rb1 Rc7 22. Kg2 g6 23. b3 axb3 24. Bxb3 Rd8 25. Rfc1 Rxc1 26. Rxc1 Rd3 27. Rc8+ Kg7 28. Bc2 Rd2 29. Bxe4 Ng4 30. h3 Nxf2 31. Bxb7 Ne4+ 32. Kf3 Ng5+ 33. Kg4 f6 34. Rc7+ Kf8 35. Rc8+ Ke7 36. Rc7+ Kd8 37. Rc5 Rh2 38. Rxg5 fxg5 39. a4 Kc7 40. Bd5 Rf2 41. e4 h6 42. a5 Rf6 43. Bc4 Rc6 44. Bb5 h5+ 45. Kf3 Rc3+ 46. Kf2 h4 47. gxh4 gxh4 48. Bf1 Kd6 49. a6 Ra3 50. Ke1 g5 51. Kd2 g4 52. Ke1 g3 53. Bb5 Ra1+ 0-1

[Event "19th Asian Games Men's Team Championship"]
[Site "Hangzhou CHN"]
[Date "2023.09.30"]
[Round "02"]
[White "Rameshbabu Praggnanandhaa"]
[Black "Javokhir Sindarov"]
[Result "1/2-1/2"]
[EventDate "2023.09.29"]
[WhiteElo "2727"]
[BlackElo "2658"]
[PlyCount "134"]

1. c4 g6 2. e4 c5 3. Nf3 Nc6 4. d4 cxd4 5. Nxd4 Nf6 6. Nc3 d6 7. f3 Nxd4 8. Qxd4 Bg7 9. Be3 O-O 10. Qd2 Be6 11. Rc1 Qa5 12. b3 Rfc8 13. Bd3 Nd7 14. Nd5 Qxd2+ 15. Kxd2 Bxd5 16. cxd5 Nc5 17. Be2 a5 18. Bb5 Bb2 19. Rc4 Ba3 20. Ke2 Na6 21. Bxa6 bxa6 22. Kd3 Rxc4 23. bxc4 Rb8 24. Bd4 Rb4 25. Rd1 Ra4 26. Rd2 Bb4 27. Rc2 Ra3+ 28. Ke2 f6 29. Be3 Ra4 30. Kd1 Kf7 31. h4 Ke8 32. g4 h5 33. gxh5 gxh5 34. Ke2 Kf7 35. Bc1 Ba3 36. Bxa3 Rxa3 37. Kf2 f5 38. exf5 Kf6 39. c5 dxc5 40. Rxc5 Rxa2+ 41. Kg3 Ra1 42. d6 exd6 43. Rd5 Rg1+ 44. Kf4 Ke7 45. Rxa5 Kf6 46. Rd5 Ke7 47. f6+ Ke6 48. Rxh5 Kxf6 49. Ra5 Rh1 50. Kg3 Rg1+ 51. Kh2 Rg8 52. Rxa6 Ke5 53. Ra4 d5 54. Rg4 Rd8 55. Kg3 d4 56. Rg5+ Kf6 57. Kf2 d3 58. Ke1 d2+ 59. Kd1 Rd3 60. Rg3 Rd4 61. Rh3 Kg6 62. Rh2 Rd3 63. Rxd2 Rxf3 64. Ke2 Rh3 65. Rd3 Rxd3 66. h5+ Kxh5 67. Kxd3 1/2-1/2

[Event "19th Asian Games Men's Team Championship"]
[Site "Hangzhou CHN"]
[Date "2023.09.29"]
[Round "01"]
[White "Tsegmed Batchuluun"]
[Black "Rameshbabu Praggnanandhaa"]
[Result "0-1"]
[EventDate "2023.09.29"]
[WhiteElo "2449"]
[BlackElo "2727"]
[PlyCount "82"]

1. d4 Nf6 2. c4 e6 3. Nf3 d5 4. g3 Bb4+ 5. Bd2 Bd6 6. Bg2 c6 7. Nc3 O-O 8. b3 Ne4 9. Nxe4 dxe4 10. Ng5 f5 11. Nh3 c5 12. Bc3 Qe7 13. dxc5 Bxc5 14. O-O Nc6 15. Qc2 e5 16. Kh1 Be6 17. e3 a5 18. Ng1 a4 19. Qe2 Bb4 20. Qc2 Rfd8 21. Rfd1 Bxc3 22. Qxc3 Qa3 23. Rxd8+ Rxd8 24. f3 Rd3 25. Qe1 exf3 26. Nxf3 h6 27. Bf1 Rd8 28. Rd1 Rxd1 29. Qxd1 Qxa2 30. bxa4 Bxc4 31. Qd7 Bf7 32. Qxb7 Qc2 33. Kg1 Qe4 34. Kf2 Bd5 35. Nh4 Kh7 36. Qd7 Qc2+ 37. Be2 Be4 38. Qd6 Ne7 39. a5 f4 40. exf4 Nd5 41. Qxe5 Nc3 0-1

[Event "Chess.com Bullet op1"]
[Site "Chess.com INT"]
[Date "2020.12.19"]
[Round "2"]
[White "Rameshbabu Praggnanandhaa"]
[Black "Vladimir Bychkov"]
[Result "1-0"]
[EventDate "?"]
[WhiteElo "2608"]
[BlackElo "2303"]
[Source "chessbites.com; date by Chess Assistant 21"]
[PlyCount "36"]

1. Nf3 e6 2. e3 d5 3. b3 Nf6 4. Bb2 c5 5. Be2 Be7 6. c4 a6 7. O-O Nc6 8. cxd5 exd5 9. d4 O-O 10. dxc5 Bxc5 11. Nc3 Bg4 12. Rc1 Bb4 13. Nd4 Bxe2 14. Ncxe2 Rc8 15. Nf5 Qd7 16. Neg3 Rfe8 17. Bxf6 gxf6 18. Qg4+ 1-0

[Event "Chess.com Bullet op1"]
[Site "Chess.com INT"]
[Date "2020.12.19"]
[Round "4"]
[White "Jeremy Kane"]
[Black "Rameshbabu Praggnanandhaa"]
[Result "0-1"]
[EventDate "?"]
[WhiteElo "2240"]
[BlackElo "2608"]
[Source "chessbites.com; date by Chess Assistant 21"]
[PlyCount "60"]

1. d4 Nf6 2. Bg5 d5 3. e3 c5 4. c3 Nc6 5. Nd2 e5 6. dxe5 Nxe5 7. Ngf3 Nc6 8. Bb5 Be7 9. Qa4 O-O 10. O-O Bd7 11. Qd1 a6 12. Bd3 Be6 13. e4 dxe4 14. Nxe4 Nxe4 15. Bxe7 Nxe7 16. Bxe4 Qb6 17. Qc2 h6 18. Rfe1 Rfd8 19. Ne5 Rd6 20. f4 Rad8 21. f5 Rd2 22. fxe6 Rxc2 23. exf7+ Kf8 24. Bxc2 Nc6 25. Ng6+ Kxf7 26. Rf1+ Kg8 27. Rae1 c4+ 28. Kh1 Qxb2 29. Be4 Qd2 30. h3 Qg5 0-1

[Event "Chess.com Bullet op1"]
[Site "Chess.com INT"]
[Date "2020.12.19"]
[Round "5"]
[White "Rameshbabu Praggnanandhaa"]
[Black "Nikita Matinian"]
[Result "1-0"]
[EventDate "?"]
[WhiteElo "2608"]
[BlackElo "2470"]
[Source "chessbites.com; date by Chess Assistant 21"]
[PlyCount "150"]

1. Nf3 d6 2. b3 g6 3. Bb2 Nf6 4. g3 Bg7 5. d4 O-O 6. Bg2 Nc6 7. O-O a5 8. c4 a4 9. bxa4 Bd7 10. Nc3 Na5 11. Nd2 b6 12. Qc2 Ra7 13. Nb5 Bxb5 14. axb5 Nd7 15. a4 e5 16. e3 Qe7 17. Rfe1 f5 18. Bd5+ Kh8 19. Nf3 e4 20. Nd2 Nf6 21. Nb3 Nxd5 22. cxd5 Qf7 23. Nxa5 bxa5 24. Qb3 h5 25. h4 g5 26. hxg5 h4 27. gxh4 Qh5 28. Kf1 Qxh4 29. Ke2 Qxg5 30. Rh1+ Kg8 31. Rag1 Qf6 32. Qc4 Rb7 33. Kd1 f4 34. Kc2 fxe3 35. fxe3 Qf2+ 36. Kb1 Qxe3 37. Rg2 Rf2 38. Rhg1 Rxg2 39. Rxg2 Qf3 40. Qc2 Rb8 41. Rf2 Qh1+ 42. Ka2 e3 43. Re2 Qxd5+ 44. Kb1 Re8 45. Qxc7 Qf5+ 46. Qc2 Qf1+ 47. Ka2 Qf7+ 48. Qb3 d5 49. Rxe3 Rxe3 50. Qxe3 Qc7 51. Qb3 Qc4 52. Qxc4 dxc4 53. Bc3 Kf7 54. Bxa5 Ke6 55. Bc3 Bf8 56. Kb2 Kd5 57. Kc2 Bd6 58. Kd2 Bc7 59. Ke3 Bb6 60. Kd2 Bd8 61. Kc2 Bg5 62. a5 Bd8 63. a6 Bb6 64. Be1 Ba7 65. Bb4 Bxd4 66. Bc3 Bb6 67. Bd2 Ba7 68. Kc3 Bb6 69. Kb4 Ba5+ 70. Ka4 c3 71. a7 cxd2 72. a8=Q+ Kc5 73. Qc6+ Kd4 74. Qd6+ Ke3 75. Qxd2+ 1-0

[Event "Chess.com Bullet op1"]
[Site "Chess.com INT"]
[Date "2020.12.19"]
[Round "8"]
[White "Rameshbabu Praggnanandhaa"]
[Black "Maxim Lugovskoy"]
[Result "1-0"]
[EventDate "?"]
[WhiteElo "2608"]
[BlackElo "2415"]
[Source "chessbites.com; date by Chess Assistant 21"]
[PlyCount "56"]

1. Nf3 e6 2. g3 d5 3. Bg2 Nf6 4. O-O Be7 5. d3 O-O 6. Nbd2 b6 7. e4 Bb7 8. e5 Nfd7 9. Re1 c5 10. c3 Nc6 11. d4 Re8 12. Nf1 f6 13. exf6 Bxf6 14. Bf4 Nf8 15. Ne3 Ng6 16. Ng4 Nxf4 17. gxf4 Qd6 18. Nfe5 Rf8 19. Re3 Bxe5 20. fxe5 Qe7 21. Rg3 Kh8 22. Qd3 Rf4 23. Rf1 Raf8 24. dxc5 Qxc5 25. Rh3 h6 26. Nxh6 Ba6 27. Qg6 gxh6 28. Rxh6# 1-0

[Event "Chess.com Bullet op1"]
[Site "Chess.com INT"]
[Date "2020.12.19"]
[Round "9"]
[White "Mohammad Fahad, Rahman"]
[Black "Rameshbabu Praggnanandhaa"]
[Result "0-1"]
[EventDate "?"]
[WhiteElo "2319"]
[BlackElo "2608"]
[Source "chessbites.com; date by Chess Assistant 21"]
[PlyCount "100"]

1. e4 c5 2. Nf3 e6 3. d4 cxd4 4. Nxd4 a6 5. Nc3 b5 6. a3 Bb7 7. Bd3 Nc6 8. Nxc6 Bxc6 9. O-O Qb8 10. Qf3 Bd6 11. h3 Ne7 12. Re1 Ng6 13. Qg4 O-O 14. Ne2 Ne5 15. Qg3 f5 16. Qe3 fxe4 17. Bxe4 Nc4 18. Qd3 Bh2+ 19. Kf1 Qa7 20. Nd4 Bxe4 21. Rxe4 Be5 22. c3 Bf6 23. Bf4 e5 24. Nf5 exf4 25. Qd5+ Kh8 26. Rd1 Nxb2 27. Rde1 Nc4 28. Ne7 Qc7 29. Qh5 Nd2+ 30. Kg1 Nxe4 31. Rxe4 Bxe7 32. Rxe7 Qxc3 33. Qd5 Qf6 34. Rxd7 f3 35. g3 Rae8 36. Qd1 Qe6 37. Kh2 Qe2 38. Rd2 Qxd1 39. Rxd1 Re2 40. g4 Kg8 41. Kg3 a5 42. Rd5 b4 43. axb4 axb4 44. Rb5 Rb2 45. Rb7 b3 46. Rd7 Rb1 47. Rd2 b2 48. Rc2 Rg1+ 49. Kh2 b1=Q 50. g5 Rg2# 0-1

[Event "Chess.com Bullet op1"]
[Site "Chess.com INT"]
[Date "2020.12.19"]
[Round "11"]
[White "Rameshbabu Praggnanandhaa"]
[Black "Velimir Ivic"]
[Result "1-0"]
[EventDate "?"]
[WhiteElo "2608"]
[BlackElo "2581"]
[Source "chessbites.com; date by Chess Assistant 21"]
[PlyCount "108"]

1. Nf3 Nf6 2. d3 g6 3. g3 Bg7 4. Bg2 O-O 5. O-O d6 6. Nbd2 c5 7. e4 Nc6 8. Re1 Rb8 9. c3 b5 10. d4 cxd4 11. cxd4 Bg4 12. e5 dxe5 13. dxe5 Nd5 14. h3 Bf5 15. Qe2 Ndb4 16. Ne4 Nd4 17. Nxd4 Qxd4 18. g4 Be6 19. Bf4 Rfd8 20. Red1 Qc4 21. Qxc4 Bxc4 22. b3 Be6 23. Nc5 Bd5 24. e6 Bxa1 25. Bxb8 Rxb8 26. Bxd5 f6 27. Nd7 Rc8 28. a3 Nxd5 29. Rxd5 a6 30. a4 bxa4 31. bxa4 Rc6 32. Nc5 Bd4 33. Rd8+ Kg7 34. Rxd4 Rxc5 35. Rd7 Kf8 36. Rd8+ Kg7 37. Re8 Ra5 38. Rxe7+ Kh6 39. Rf7 Rxa4 40. Rxf6 Re4 41. f3 Re1+ 42. Kf2 Re5 43. h4 a5 44. Rf7 g5 45. Rf6+ Kg7 46. hxg5 a4 47. Rf7+ Kg6 48. Ra7 a3 49. Rxa3 Rxe6 50. f4 Kg7 51. Kg3 Re7 52. Ra5 Rd7 53. Kh4 h6 54. Rf5 1-0

[Event "Chess.com Bullet op1"]
[Site "Chess.com INT"]
[Date "2020.12.19"]
[Round "12"]
[White "Rameshbabu Praggnanandhaa"]
[Black "Shakhriyar Mamedyarov"]
[Result "1-0"]
[EventDate "?"]
[WhiteElo "2608"]
[BlackElo "2770"]
[Source "chessbites.com; date by Chess Assistant 21"]
[PlyCount "44"]

1. e4 d5 2. exd5 Qxd5 3. Nc3 Qa5 4. d4 Nf6 5. Nf3 c6 6. Bc4 Bf5 7. Ne5 e6 8. O-O Nbd7 9. Re1 Nxe5 10. Rxe5 Qc7 11. Qe2 Bg6 12. Bxe6 fxe6 13. Rxe6+ Kf7 14. Qc4 b5 15. Qb3 Nd5 16. Nxd5 cxd5 17. Qxd5 Qc4 18. Re7+ Kxe7 19. Bg5+ Ke8 20. Re1+ Be7 21. Rxe7+ Kf8 22. Qxa8+ 1-0

[Event "Chess.com Bullet op1"]
[Site "Chess.com INT"]
[Date "2020.12.19"]
[Round "13"]
[White "Sarin Nihal"]
[Black "Rameshbabu Praggnanandhaa"]
[Result "0-1"]
[EventDate "?"]
[WhiteElo "2620"]
[BlackElo "2608"]
[Source "chessbites.com; date by Chess Assistant 21"]
[PlyCount "144"]

1. d4 Nf6 2. c4 g6 3. Nc3 Bg7 4. e4 d6 5. f3 O-O 6. Nge2 Nc6 7. Be3 a6 8. Qd2 Rb8 9. Nc1 b5 10. cxb5 axb5 11. Bxb5 Bd7 12. O-O Na5 13. Be2 Be6 14. d5 Bc8 15. a3 c5 16. b4 cxb4 17. axb4 Rxb4 18. Nd1 Nb3 19. Qxb4 Nxa1 20. Qa4 Nd7 21. Kh1 Nc5 22. Qa2 Bd7 23. f4 Qb6 24. e5 Nab3 25. Nxb3 Qxb3 26. Qd2 Ne4 27. Qd4 Bf5 28. g4 dxe5 29. fxe5 Qc2 30. Bd3 Qxd3 31. Qxd3 Ng3+ 32. hxg3 Bxd3 33. Re1 Be4+ 34. Kh2 Bxd5 35. Bf4 Be6 36. g5 Bf5 37. Ne3 Be6 38. g4 Re8 39. Kg3 f6 40. Ng2 fxg5 41. Bxg5 h6 42. Be3 g5 43. Kf2 Kh7 44. Kg1 Kg6 45. Bf2 Rf8 46. Ne3 Bxe5 47. Rc1 Bf6 48. Rc6 Bf7 49. Rc5 Rd8 50. Rc6 Rd6 51. Rc7 Re6 52. Nf5 Re4 53. Ng3 Be6 54. Kf1 Bxg4 55. Ne2 Bh3+ 56. Ke1 Bg4 57. Kf1 Rxe2 58. Kg1 Rxf2 59. Rc8 Bf5 60. Rg8+ Kf7 61. Ra8 Rf4 62. Ra7 Rg4+ 63. Kf2 Rf4+ 64. Ke3 g4 65. Ke2 Bg5 66. Ra3 Re4+ 67. Kd1 Re3 68. Ra7 Rf3 69. Rxe7+ Kxe7 70. Ke2 Be4 71. Ke1 g3 72. Ke2 g2 0-1

[Event "Chess.com Bullet op1"]
[Site "Chess.com INT"]
[Date "2020.12.19"]
[Round "16"]
[White "Tuan Minh Le"]
[Black "Rameshbabu Praggnanandhaa"]
[Result "0-1"]
[EventDate "?"]
[WhiteElo "2514"]
[BlackElo "2608"]
[Source "chessbites.com; date by Chess Assistant 21"]
[PlyCount "102"]

1. d4 Nf6 2. Nf3 d5 3. Bf4 Bf5 4. e3 e6 5. c4 Bd6 6. Bg3 Bb4+ 7. Nc3 c5 8. Be2 O-O 9. O-O dxc4 10. Bxc4 Nc6 11. dxc5 Bxc3 12. bxc3 Ne4 13. Bd6 Re8 14. Rc1 Qa5 15. Nd4 Nxc5 16. Nxf5 exf5 17. Qf3 Ne4 18. Rfd1 Rad8 19. Bg3 Nd2 20. Qe2 Nxc4 21. Qxc4 h6 22. h3 Rxd1+ 23. Rxd1 Rd8 24. Rxd8+ Qxd8 25. Qb5 Qd7 26. c4 a6 27. Qb3 Nd8 28. Kh2 Ne6 29. Qb4 Qc6 30. Qe7 h5 31. h4 a5 32. a3 a4 33. Qb4 Kh7 34. Qa5 Kg6 35. Qb4 Nc5 36. f3 Nd3 37. Qd2 Nc5 38. Qd4 Ne6 39. Qd3 f6 40. Qc3 Kf7 41. Qd3 Kg6 42. c5 Nxc5 43. Qb5 Qxb5 44. e4 fxe4 45. Bf4 exf3 46. gxf3 Ne6 47. Kg3 Qf5 48. Be3 b5 49. Bd4 Nxd4 50. f4 Qg4+ 51. Kf2 Qf3+ 0-1

[Event "Chess.com Bullet op1"]
[Site "Chess.com INT"]
[Date "2020.12.19"]
[Round "18"]
[White "Rameshbabu Praggnanandhaa"]
[Black "Mykola Bortnyk"]
[Result "1-0"]
[EventDate "?"]
[WhiteElo "2608"]
[BlackElo "2473"]
[Source "chessbites.com; date by Chess Assistant 21"]
[PlyCount "26"]

1. Nf3 Nf6 2. b3 d5 3. Bb2 c5 4. g3 Nc6 5. Bg2 g6 6. O-O Bg7 7. e3 O-O 8. d4 c4 9. bxc4 dxc4 10. Nbd2 Na5 11. Ne5 Qc7 12. Bc3 Qd7 13. Nxd7 1-0

[Event "Chess.com Bullet op1"]
[Site "Chess.com INT"]
[Date "2020.12.19"]
[Round "21"]
[White "Rameshbabu Praggnanandhaa"]
[Black "Julian Landaw"]
[Result "1-0"]
[EventDate "?"]
[WhiteElo "2608"]
[BlackElo "2318"]
[Source "chessbites.com; date by Chess Assistant 21"]
[PlyCount "52"]

1. Nf3 Nf6 2. d3 e6 3. g3 d5 4. Bg2 c5 5. O-O Nc6 6. Nbd2 e5 7. e4 d4 8. Nc4 Bd6 9. c3 Be6 10. b3 Bxc4 11. bxc4 O-O 12. Bb2 a6 13. Rb1 Rb8 14. cxd4 cxd4 15. Nh4 Re8 16. Bc1 Be7 17. Nf5 Nd7 18. Qg4 g6 19. Nh6+ Kg7 20. Qf3 f6 21. Bh3 Nc5 22. Bd2 a5 23. Qg4 Nb4 24. Nf5+ Kh8 25. Qh4 gxf5 26. Bxf5 1-0

[Event "Chess.com Bullet op2"]
[Site "Chess.com INT"]
[Date "2020.12.19"]
[Round "1"]
[White "Rameshbabu Praggnanandhaa"]
[Black "Luka Budisavljevic"]
[Result "1-0"]
[EventDate "?"]
[WhiteElo "2608"]
[BlackElo "2501"]
[Source "chessbites.com; date by Chess Assistant 21"]
[PlyCount "92"]

1. Nf3 c5 2. g3 Nf6 3. Bg2 e6 4. O-O Be7 5. d3 O-O 6. e4 d6 7. Nbd2 Nc6 8. Re1 Bd7 9. c3 b5 10. d4 cxd4 11. cxd4 Qb6 12. Nf1 Rac8 13. e5 dxe5 14. dxe5 Nd5 15. Ne3 Rfd8 16. Nxd5 exd5 17. Be3 Bc5 18. Bxc5 Qxc5 19. Rc1 Qb6 20. Ng5 Be6 21. Qh5 h6 22. Nf3 Ne7 23. Bh3 Rc5 24. Qh4 Rc7 25. Bxe6 fxe6 26. Nd4 Rdd7 27. Rcd1 Rc4 28. b3 Rcc7 29. Qg4 Nf5 30. Nxf5 exf5 31. Qf3 Qe6 32. Rd4 g6 33. Red1 Kg7 34. Rxd5 Rxd5 35. Qxd5 Re7 36. Qxe6 Rxe6 37. Rd7+ Kf8 38. Rd5 a6 39. f4 Rc6 40. Rd2 Rc1+ 41. Kf2 Rh1 42. Ke3 Re1+ 43. Kd3 Ke7 44. Kc3 Ke6 45. Kb4 Rc1 46. Rd6+ 1-0

[Event "Chess.com Bullet op2"]
[Site "Chess.com INT"]
[Date "2020.12.19"]
[Round "4"]
[White "Mihailo Djokic"]
[Black "Rameshbabu Praggnanandhaa"]
[Result "0-1"]
[EventDate "?"]
[WhiteElo "2227"]
[BlackElo "2608"]
[Source "chessbites.com; date by Chess Assistant 21"]
[PlyCount "74"]

1. e4 c6 2. d4 d5 3. e5 Bf5 4. h3 e6 5. g4 Bg6 6. h4 h5 7. g5 Ne7 8. Bd3 Nf5 9. Ne2 Nd7 10. c3 c5 11. Nd2 cxd4 12. cxd4 Qb6 13. Nb3 Bb4+ 14. Bd2 Nb8 15. Bxb4 Qxb4+ 16. Qd2 Qb6 17. Rc1 Nc6 18. Bxf5 Bxf5 19. Nc5 Rc8 20. f3 Nxe5 21. Na4 Nxf3+ 22. Kf2 Rxc1 23. Qxc1 Qc6 24. Qxc6+ bxc6 25. Kxf3 Be4+ 26. Ke3 Bxh1 27. Nc5 Be4 28. Nxe4 dxe4 29. Kxe4 f6 30. Nf4 Kf7 31. g6+ Ke7 32. b4 Kd6 33. a3 e5 34. dxe5+ fxe5 35. Nd3 Rf8 36. Nxe5 Re8 37. Kf5 Rxe5+ 0-1

[Event "Chess.com Bullet op2"]
[Site "Chess.com INT"]
[Date "2020.12.19"]
[Round "5"]
[White "Rameshbabu Praggnanandhaa"]
[Black "Armen Proudian"]
[Result "1-0"]
[EventDate "?"]
[WhiteElo "2608"]
[BlackElo "2427"]
[Source "chessbites.com; date by Chess Assistant 21"]
[PlyCount "142"]

1. Nf3 b6 2. g3 Bb7 3. Bg2 g6 4. O-O Bg7 5. Nh4 Bxg2 6. Nxg2 d5 7. d3 e6 8. Nd2 Ne7 9. e4 O-O 10. Re1 c5 11. exd5 exd5 12. Nf3 Nbc6 13. Bg5 h6 14. Bf4 Re8 15. Qd2 g5 16. Nxg5 hxg5 17. Bxg5 Qd7 18. Qf4 Bxb2 19. Ne3 Ng6 20. Qf3 Bxa1 21. Rxa1 Rxe3 22. fxe3 Re8 23. Bf6 Qe6 24. Re1 d4 25. Bg5 dxe3 26. Rxe3 Qd7 27. Re4 Nd4 28. Qe3 Rxe4 29. Qxe4 Nxc2 30. Bf6 Nd4 31. Qe3 Qe6 32. Qf2 Qe2 33. Bxd4 Qxd3 34. Be3 c4 35. h4 c3 36. h5 Ne5 37. Qf4 Qd1+ 38. Kg2 Qd5+ 39. Kh2 c2 40. Qg5+ Kf8 41. Qh6+ Ke8 42. Qh8+ Kd7 43. Qg7 Ng4+ 44. Qxg4+ Qe6 45. Qxe6+ Kxe6 46. g4 Kf6 47. Bc1 Kg7 48. Kg3 f5 49. g5 Kf7 50. Kf4 Ke6 51. h6 Kf7 52. g6+ Kxg6 53. h7 Kxh7 54. Kxf5 Kg8 55. Ke4 Kf7 56. Kd3 Ke6 57. Kxc2 Kd5 58. Kb3 b5 59. a3 Kc6 60. Kb4 a6 61. Ka5 Kb7 62. Be3 Kb8 63. Kxa6 Ka8 64. Kxb5 Kb8 65. Ka5 Ka8 66. Kb5 Kb8 67. Ka4 Ka8 68. Kb3 Kb8 69. Kc4 Ka8 70. Kd5 Kb7 71. Bf4 1-0

[Event "Chess.com Bullet op2"]
[Site "Chess.com INT"]
[Date "2020.12.19"]
[Round "7"]
[White "Rameshbabu Praggnanandhaa"]
[Black "Sehyun Kwon"]
[Result "1-0"]
[EventDate "?"]
[WhiteElo "2608"]
[BlackElo "2167"]
[Source "chessbites.com; date by Chess Assistant 21"]
[PlyCount "38"]

1. Nf3 c5 2. b3 Nf6 3. Bb2 g6 4. g3 Bg7 5. c4 O-O 6. Bg2 Nc6 7. O-O d5 8. cxd5 Nxd5 9. Bxg7 Kxg7 10. d4 Nxd4 11. Nxd4 cxd4 12. Qxd4+ Nf6 13. Qe5 Be6 14. Nc3 Rc8 15. Rac1 a6 16. Bxb7 Rc7 17. Bxa6 Qb8 18. Bd3 Qa7 19. Nb5 1-0

[Event "Chess.com Bullet op2"]
[Site "Chess.com INT"]
[Date "2020.12.19"]
[Round "8"]
[White "Artyom Zubritskiy"]
[Black "Rameshbabu Praggnanandhaa"]
[Result "0-1"]
[EventDate "?"]
[WhiteElo "2442"]
[BlackElo "2608"]
[Source "chessbites.com; date by Chess Assistant 21"]
[PlyCount "126"]

1. d4 Nf6 2. c4 Nc6 3. Nf3 e6 4. Nc3 Bb4 5. Bd2 Bxc3 6. Bxc3 Ne4 7. Qc2 Nxc3 8. Qxc3 d6 9. g3 O-O 10. Bg2 Qe7 11. O-O e5 12. d5 Nb8 13. Ne1 Bg4 14. f3 Bh5 15. e4 Bg6 16. Nd3 f5 17. Rae1 Nd7 18. f4 fxe4 19. Bxe4 Bxe4 20. Rxe4 Nf6 21. Re2 e4 22. Nf2 Rae8 23. Rfe1 h5 24. Qd4 Qf7 25. Nxe4 Nxe4 26. Rxe4 Rxe4 27. Qxe4 h4 28. Qe6 hxg3 29. hxg3 Qxe6 30. Rxe6 Kf7 31. Kg2 Rb8 32. b3 a5 33. a4 Ra8 34. g4 Ra6 35. f5 Rb6 36. Re3 Kf6 37. Kg3 Kg5 38. Kf3 c6 39. dxc6 bxc6 40. Rd3 d5 41. cxd5 cxd5 42. Kg3 Rb4 43. f6 Rxg4+ 44. Kf3 Rf4+ 45. Ke3 gxf6 46. Rxd5+ f5 47. Rxa5 Re4+ 48. Kf3 Rh4 49. Rb5 Rh3+ 50. Kg2 Rc3 51. a5 Kg4 52. a6 Rc2+ 53. Kf1 Ra2 54. Rb4+ Kf3 55. Ra4 Rc2 56. Ke1 Ke3 57. Kd1 Rd2+ 58. Kc1 Rd8 59. a7 Ra8 60. Kc2 f4 61. b4 f3 62. b5 f2 63. Ra1 Rxa7 0-1